[Event "AUTO-ELITE-1346"]
[Site "http://www.queenalice.com/game.php?id=1288436"]
[Date "2014.6.15"]
[Round "1"]
[White "Jerick"]
[Black "mmagari"]
[Result "1/2-1/2"]
[WhiteElo "2497"]
[BlackElo "2365"]

1. e4 g6 2. Nf3 d6 3. Nc3 Bg7 4. d4 Nd7 5. Bc4 e6 6. O-O a6 7. Be3 Ne7 8. a4 b6
9. Ng5 h6 10. Nf3 Bb7 11. Qd2 Nf6 12. Bd3 d5 13. exd5 Nexd5 14. Nxd5 Nxd5 15. a5
Nxe3 16. Qxe3 b5 17. Rfe1 O-O 18. Ne5 Qd5 19. f3 Qd6 20. Kh1 Rad8 21. Qe2 Qxd4
22. Nxg6 Rfe8 23. Ne5 Bxe5 24. Qxe5 Qxe5 25. Rxe5 Bd5 26. Kg1 c5 27. Kf2 c4 28.
Be2 f6 29. Re3 e5 30. f4 exf4 31. Rxe8+ Rxe8 32. Rd1 Re5 33. Bf3 Bxf3 34. Kxf3
b4 35. Rd4 c3 36. Rxb4 Rxa5 37. bxc3 Ra2 38. Kxf4 Rxc2 39. Kf5 Rf2+ 40. Kg6
Rxg2+ 41. Kxf6 Rxh2 42. Rb8+ Kh7 1/2-1/2

[Event "AUTO-ELITE-1346"]
[Site "http://www.queenalice.com/game.php?id=1288439"]
[Date "2014.6.15"]
[Round "1"]
[White "greggy"]
[Black "Jerick"]
[Result "1-0"]
[WhiteElo "2484"]
[BlackElo "2505"]

1. e4 c5 2. Nf3 e6 3. d4 cxd4 4. Nxd4 Nf6 5. Nc3 Bb4 6. e5 Nd5 7. Bd2 Bxc3 8.
bxc3 O-O 9. Bd3 d6 10. exd6 Qxd6 11. O-O a6 12. Qh5 Nf6 13. Qh4 e5 14. Nb3 Be6
15. Bg5 Nbd7 16. Rfe1 Rfe8 17. Rad1 Qc7 18. Re3 Rac8 19. Nd2 Qd6 20. Rde1 Bxa2
21. c4 Qb4 22. c3 Qd6 23. Rh3 h5 24. Bf5 e4 25. Ra1 e3 26. Rxe3 Rxe3 27. Bxe3
Qa3 28. Qd4 Re8 29. Bxd7 Rd8 30. Ne4 Nxd7 31. Ng3 Qb2 32. Re1 Qa3 33. Bg5 f6 34.
Bxf6 gxf6 35. Qd5+ Kf8 36. Qxh5 Ne5 37. Qh8+ Ke7 38. Qg7+ Ke6 39. f4 Qe7 40. f5+
Kd7 41. Rd1+ Kc8 42. Qxe7 Rxd1+ 43. Kf2 Rd2+ 44. Ke3 Nxc4+ 45. Kf4 Rxg2 46. Ne4
Rxh2 47. Nc5 Ne5 48. Nxb7 Rb2 49. Nd6+ Kb8 50. Qd8+ Ka7 51. Qxf6 Nd3+ 52. Ke3
Nc1 53. Qe7+ Ka8 54. Qd8+ Rb8 55. Qa5 Rb2 56. Qxa6+ Kb8 57. Qc8+ Ka7 58. Qc7+
Ka6 59. Qc6+ 1-0

[Event "AUTO-ELITE-1346"]
[Site "http://www.queenalice.com/game.php?id=1288440"]
[Date "2014.6.15"]
[Round "1"]
[White "Jerick"]
[Black "greggy"]
[Result "1/2-1/2"]
[WhiteElo "2494"]
[BlackElo "2410"]

1. e4 c5 2. Nc3 Nc6 3. Nf3 e5 4. Bc4 Be7 5. O-O Nf6 6. d3 O-O 7. a3 d6 8. h3 a6
9. Nd5 b5 10. Ba2 a5 11. a4 b4 12. Be3 Nd4 13. Nd2 Be6 14. Nxf6+ Bxf6 15. Bxe6
Nxe6 16. Nc4 g6 17. Qg4 Bg7 18. h4 f5 19. Qh3 Ra6 20. f3 Qe8 21. Kh1 f4 22. Bf2
Qf7 23. Rad1 Kh8 24. Kh2 Bf6 25. Kg1 Kg8 26. Rfe1 Qe8 27. Kh2 Ng7 28. Ra1 Qe7
29. Rh1 Nh5 30. Qg4 Re8 31. Rhf1 Qc7 32. Kg1 Bg7 33. Be1 Nf6 34. Qh3 Qd8 35. Bf2
Ra7 1/2-1/2

[Event "AUTO-ELITE-1367"]
[Site "http://www.queenalice.com/game.php?id=1298055"]
[Date "2014.7.29"]
[Round "1"]
[White "shiyamiya"]
[Black "Jerick"]
[Result "0-1"]
[WhiteElo "2299"]
[BlackElo "2497"]

1. e4 c5 2. Nf3 e6 3. d4 cxd4 4. Nxd4 Nc6 5. Nb5 d6 6. Bf4 e5 7. Be3 Nf6 8. N5c3
Be6 9. Bd3 Be7 10. f3 O-O 11. O-O h6 12. Nd2 Nb4 13. Be2 d5 0-1

[Event "AUTO-ELITE-1367"]
[Site "http://www.queenalice.com/game.php?id=1298056"]
[Date "2014.7.29"]
[Round "1"]
[White "Jerick"]
[Black "shiyamiya"]
[Result "1-0"]
[WhiteElo "2501"]
[BlackElo "2282"]

1. d4 Nf6 2. Nf3 e6 3. Nc3 Be7 4. e4 d6 5. Bd3 O-O 6. O-O h6 7. h3 a6 8. Qe2
Nbd7 9. Rd1 c5 10. e5 dxe5 11. dxe5 Nd5 12. Nxd5 exd5 13. c4 1-0

[Event "AUTO-ELITE-1367"]
[Site "http://www.queenalice.com/game.php?id=1315277"]
[Date "2014.10.13"]
[Round "2"]
[White "capaputi"]
[Black "Jerick"]
[Result "0-1"]
[WhiteElo "2225"]
[BlackElo "2499"]

1. Nf3 Nf6 2. c4 g6 3. Nc3 c5 4. g3 Nc6 5. Bg2 Bg7 6. O-O d6 7. d4 cxd4 8. Nxd4
Bd7 9. Bg5 O-O 10. Qd2 Nxd4 11. Qxd4 Qa5 12. Qd2 Rac8 13. Rac1 Rxc4 14. Nd5 Qxd2
15. Nxe7+ Kh8 16. Bxd2 Rxc1 17. Rxc1 Re8 18. Nd5 Nxd5 19. Bxd5 Rxe2 20. Be3 Bxb2
21. Rd1 Bg4 22. Rf1 Kg7 23. Bxb7 Be5 24. Bd5 Be6 25. Bxe6 fxe6 26. Bxa7 Rxa2 27.
Be3 d5 28. Rd1 Kf6 29. h4 Ra1 30. Rxa1 Bxa1 31. Kg2 d4 32. Bg5+ Ke5 33. Kf3 Kd5
34. Ke2 Kc4 35. f3 d3+ 36. Kd2 Bc3+ 37. Kd1 Be5 38. g4 Bg3 39. h5 e5 40. hxg6
hxg6 41. Be3 Bf4 42. Bb6 Kd5 43. Bc7 Bg5 44. Bb8 e4 45. f4 Be7 46. f5 e3 47. Bf4
e2+ 0-1

[Event "Challenge"]
[Site "http://www.queenalice.com/game.php?id=1363699"]
[Date "2015.6.5"]
[Round "-"]
[White "acvdsantiago"]
[Black "Jerick"]
[Result "0-1"]
[WhiteElo "1473"]
[BlackElo "2503"]

1. e4 e6 2. b3 Nf6 3. e5 Nd5 4. Nf3 d6 5. Bb2 dxe5 6. Nxe5 Bd6 7. Nc4 O-O 8.
Nxd6 Qxd6 9. Na3 e5 10. Nc4 Qe6 11. Ne3 Nc6 12. Ba3 Rd8 13. Bc4 Qg6 14. Bxd5
Rxd5 15. Nxd5 Qxg2 16. Rf1 Qxd5 17. f3 Bh3 18. Rg1 Nd4 19. Rg3 Bf5 20. Rc1 e4
21. Bb2 Nxf3+ 22. Kf1 Nxd2+ 23. Ke2 e3 24. Qg1 Bg6 25. Qxe3 Ne4 26. Rg2 Qf5 27.
Qd4 Bh5+ 28. Ke1 f6 29. c4 c6 30. Qe3 Re8 31. Bd4 Ng5 32. Qxe8+ Bxe8 33. Rg3
Nf3+ 34. Rxf3 Qxf3 35. Bxa7 Qh1+ 36. Kd2 Qxh2+ 37. Kc3 Qxa2 38. Bb6 Bg6 39. Be3
c5 40. Bxc5 Qa5+ 41. Kb2 Qd2+ 42. Ka3 Qxc1+ 0-1

[Event "Challenge"]
[Site "http://www.queenalice.com/game.php?id=1364082"]
[Date "2015.6.7"]
[Round "-"]
[White "acvdsantiago"]
[Black "Jerick"]
[Result "0-1"]
[WhiteElo "1526"]
[BlackElo "2504"]

1. e4 c5 2. Nf3 e6 3. d4 cxd4 4. Nxd4 Nf6 5. Nc3 Nc6 6. Nxc6 bxc6 7. e5 Nd5 8.
Ne4 Qc7 9. f4 Qb6 10. c4 Ne3 11. Qd3 Bb4+ 12. Bd2 O-O 13. Rc1 Nxf1 14. Rxf1 Be7
15. Bc3 Ba6 16. b3 Rfd8 17. Ng5 g6 18. Qh3 h5 19. Rd1 Bb7 20. Qg3 d6 21. exd6
Rxd6 22. Rxd6 Bxd6 23. Ne4 Be7 24. Rf2 h4 25. Qf3 Rd8 26. Nf6+ Kf8 27. Kf1 Bc5
28. Rd2 Rxd2 29. Bxd2 Qd8 30. Ne4 Bb6 31. Bb4+ c5 32. Nxc5 Bxf3 33. Nxe6+ Ke8
34. Nxd8 Be4 35. Nxf7 Kxf7 36. c5 Bd8 37. Be1 Bc6 38. g3 hxg3 39. hxg3 Ke6 40.
Ke2 Kd5 41. Kd3 Bb5+ 42. Kc3 a5 43. Bf2 Bf6+ 44. Kc2 Bd4 45. Be1 a4 46. b4 a3
47. Bc3 Ba4+ 48. Kd2 Bxc3+ 49. Kxc3 Bd1 50. c6 Kxc6 51. Kc4 Kb6 52. b5 Ba4 53.
Kb4 Bxb5 54. Kxa3 Kc5 55. Kb3 Bc4+ 56. Kb2 Kd5 57. a4 Ke4 58. Kc3 Be2 59. Kd2
Ba6 60. Kc3 Ke3 61. a5 Be2 62. Kc2 Kf3 63. Kc3 Kxg3 64. Kd2 Kf3 65. Kc2 Kxf4 66.
Kd2 Kf3 67. Kc3 g5 68. Kb4 g4 69. Kc5 g3 70. Kb6 g2 71. a6 g1=Q+ 72. Kb7 Qb1+
73. Ka7 Kf4 0-1

[Event "Challenge"]
[Site "http://www.queenalice.com/game.php?id=1364207"]
[Date "2015.6.8"]
[Round "-"]
[White "Jerick"]
[Black "acvdsantiago"]
[Result "1-0"]
[WhiteElo "2505"]
[BlackElo "1526"]

1. Nf3 c5 2. e4 d6 3. Bc4 Nf6 4. Nc3 e6 5. d4 cxd4 6. Nxd4 Be7 7. O-O O-O 8. Be3
a6 9. a4 Nc6 10. Qe2 Qc7 11. Nxc6 bxc6 12. a5 d5 13. Bb6 Qb8 14. Bd3 Bd6 15. g3
e5 16. Rfd1 Re8 17. Na4 Be6 18. c4 d4 19. c5 Be7 20. Bxa6 Bg4 21. f3 Bxf3 22.
Qxf3 Rxa6 23. b4 Qc8 24. Nb2 Qe6 25. Qe2 Rea8 26. Nd3 Ng4 27. b5 cxb5 28. Nb4
Bg5 29. Rf1 Be3+ 30. Kg2 Bh6 31. Ra3 Ne3+ 32. Rxe3 Bxe3 33. Nxa6 Rxa6 34. Qxb5
Ra8 35. c6 Qg4 36. c7 Qxe4+ 37. Kh3 Qb7 38. Qd7 f6 39. Qe6+ Kh8 40. a6 Qc8 41.
Qxc8+ Rxc8 42. a7 Kg8 43. Ra1 Ra8 44. Rb1 Kf7 45. Bc5 Rc8 46. Rb8 Rxc7 47. a8=Q
Rxc5 48. Qa7+ Kg6 49. Qxc5 1-0

[Event "AUTO-ELITE-1878"]
[Site "http://www.queenalice.com/game.php?id=1495258"]
[Date "2017.9.19"]
[Round "1"]
[White "CCapivara"]
[Black "Jerick"]
[Result "0-1"]
[WhiteElo "2288"]
[BlackElo "2510"]

1. e4 e5 2. f4 exf4 3. Nf3 g5 4. Bc4 g4 5. Ne5 Qh4+ 6. Kf1 Nh6 7. d4 d6 8. Bxf4
dxe5 9. Bxe5 Rg8 10. Nc3 c6 11. Qe2 Nd7 12. Bg3 Qf6+ 13. Bf2 Nb6 14. Bb3 Bd7 15.
e5 Qf5 16. a4 Be6 17. a5 Bxb3 18. cxb3 Nd5 19. Nxd5 cxd5 20. a6 Rb8 21. g3 Rg6
22. axb7 Rxb7 23. Ra6 Rxa6 24. Qxa6 Rc7 25. Qb5+ Ke7 26. Qb4+ Ke6 27. Qd2 Rc2
28. Qe3 Qh5 29. h4 gxh3 30. Rh2 Ng4 0-1

[Event "AUTO-ELITE-1878"]
[Site "http://www.queenalice.com/game.php?id=1495259"]
[Date "2017.9.19"]
[Round "1"]
[White "Jerick"]
[Black "CCapivara"]
[Result "1-0"]
[WhiteElo "2506"]
[BlackElo "2316"]

1. d4 d6 2. Nc3 c6 3. e4 Nf6 4. Nf3 Bg4 5. h3 Bh5 6. Be2 Nbd7 7. O-O e5 8. Be3
Be7 9. Nh4 Bg6 10. Nxg6 hxg6 11. a4 Qc7 12. a5 a6 13. Qd3 O-O 14. dxe5 dxe5 15.
Qc4 Rac8 16. b4 c5 17. b5 axb5 18. Qxb5 Qc6 19. Rfb1 Rc7 20. g4 Ra8 21. g5 Nh5
22. Nd5 Bf8 23. Nxc7 Qxc7 24. Qxb7 1-0

[Event "AUTO-ELITE-1878"]
[Site "http://www.queenalice.com/game.php?id=1495264"]
[Date "2017.9.19"]
[Round "1"]
[White "Jerick"]
[Black "jmcd365"]
[Result "1-0"]
[WhiteElo "2517"]
[BlackElo "2246"]

1. e4 c5 2. Nf3 e6 3. Nc3 a6 4. Be2 Nc6 5. d4 cxd4 6. Nxd4 d6 7. Nxc6 bxc6 8.
O-O Nf6 9. Qd3 Be7 10. Rd1 Qc7 11. Bf4 e5 12. Bg5 O-O 13. Bxf6 gxf6 14. Na4 Be6
15. c4 Rfd8 16. Rac1 Bf8 17. Rc3 Bg7 18. h3 Qb7 19. Nc5 1-0

[Event "AUTO-ELITE-1878"]
[Site "http://www.queenalice.com/game.php?id=1495265"]
[Date "2017.9.19"]
[Round "1"]
[White "jmcd365"]
[Black "Jerick"]
[Result "0-1"]
[WhiteElo "2250"]
[BlackElo "2514"]

1. d4 Nf6 2. Nf3 e6 3. c4 Be7 4. Nc3 d5 5. g3 O-O 6. Bg2 dxc4 7. Ne5 c5 8. dxc5
Qxd1+ 9. Nxd1 Bxc5 10. O-O Nd5 11. Nxc4 Nc6 12. Nde3 Nd4 13. Nxd5 Nxe2+ 14. Kh1
exd5 15. Bxd5 Rd8 16. Bf3 Nd4 17. Bg2 Nc2 18. Bg5 f6 19. Rac1 fxg5 20. Rxc2 Bf5
21. Rd2 Rxd2 22. Nxd2 Re8 0-1